[Event "vs KU4A"]
[Site "http://www.queenalice.com/game.php?id=1799830"]
[Date "2022.11.14"]
[Round "-"]
[White "ku4a"]
[Black "Clemente09"]
[Result "1-0"]
[WhiteElo "1100"]
[BlackElo "1296"]

1. e4 e5 2. Nf3 f5 3. Nc3 f4 4. Bc4 Qf6 5. O-O h5 6. Re1 g5 7. Nd5 Qc6 8. b3 Ne7
9. Nxg5 Nxd5 10. Bxd5 Qg6 11. Nh3 1-0

[Event "vs KU4A"]
[Site "http://www.queenalice.com/game.php?id=1799831"]
[Date "2022.11.14"]
[Round "-"]
[White "Clemente09"]
[Black "ku4a"]
[Result "0-1"]
[WhiteElo "1296"]
[BlackElo "1299"]

1. e4 e5 2. d4 exd4 3. Qxd4 Nc6 4. Qe3 Bd6 5. Nf3 Be5 6. Nxe5 Nxe5 7. Bb5 a6 8.
Ba4 b5 9. Bb3 Nf6 10. a4 Rb8 11. Ba2 bxa4 0-1

[Event "Let's Play Chess!"]
[Site "http://www.queenalice.com/game.php?id=1814364"]
[Date "2023.6.19"]
[Round "-"]
[White "ku4a"]
[Black "Capixabba789"]
[Result "1-0"]
[WhiteElo "1398"]
[BlackElo "1737"]

1. e4 e5 2. Nf3 Nf6 3. Nc3 d6 4. h3 Be7 5. Bc4 Nc6 6. Ng5 Rf8 7. d3 Nd4 8. O-O
c6 9. Re1 h6 10. Nf3 Be6 11. Bb3 Qc7 12. Ne2 c5 13. Nfxd4 exd4 14. Bf4 O-O-O 15.
Rc1 Kb8 16. c4 g5 17. Bg3 Ka8 18. Qd2 Nh5 19. Ba4 f5 20. exf5 Bxf5 21. Bc2 Nxg3
22. Nxg3 Bg6 23. Re6 Bf6 24. Ne4 Bxe4 25. Rxe4 Be5 26. Rce1 Bf4 27. Qd1 h5 28.
Ba4 h4 29. Re7 Qb6 30. b3 Rf5 31. Re8 Be5 32. Qg4 Rf8 33. Qh5 Rdxe8 34. Bxe8
Rxe8 35. Qxe8+ 1-0

[Event "Let's Play Chess!"]
[Site "http://www.queenalice.com/game.php?id=1814366"]
[Date "2023.6.19"]
[Round "-"]
[White "Capixabba789"]
[Black "ku4a"]
[Result "0-1"]
[WhiteElo "1779"]
[BlackElo "1546"]

1. e4 e5 2. f4 Nc6 3. Nf3 d6 4. Bc4 h6 5. O-O Nf6 6. d3 Bg4 7. c3 Qd7 8. Be3
O-O-O 9. Nbd2 d5 10. exd5 Nxd5 11. Bf2 a6 12. Bg3 Ne3 13. Qe2 Nxf1 14. Rxf1 exf4
15. Bxf4 Bd6 16. Bxd6 cxd6 17. Qd1 d5 18. Bb3 g5 19. d4 f6 20. Qc1 Rhe8 21. a4
Na5 22. Bc2 Nc4 23. Nxc4 dxc4 24. b4 cxb3 25. Bxb3 Re7 26. d5 Rde8 27. c4 Re3
28. Nd4 R3e4 29. Ne6 Bxe6 30. dxe6 Qxe6 31. Qa3 Qc6 32. a5 b5 33. cxb5 Qxb5 34.
h3 Re2 35. Rc1+ Kb7 36. Rb1 Re1+ 37. Rxe1 Rxe1+ 0-1

[Event "KU4A 2W"]
[Site "http://www.queenalice.com/game.php?id=1815789"]
[Date "2023.7.8"]
[Round "-"]
[White "ku4a"]
[Black "Capixabba789"]
[Result "1-0"]
[WhiteElo "1651"]
[BlackElo "1830"]

1. e4 Nf6 2. Nc3 e5 3. Nf3 Bb4 4. d3 Bxc3+ 5. bxc3 d5 6. Bg5 dxe4 7. Nxe5 O-O 8.
d4 Nbd7 9. Bc4 Nxe5 10. dxe5 Qxd1+ 11. Rxd1 Ng4 12. Bf4 Re8 13. O-O Nxe5 14.
Bxe5 Bg4 15. f3 exf3 16. Rde1 1-0

[Event "KU4A 2B"]
[Site "http://www.queenalice.com/game.php?id=1815790"]
[Date "2023.7.8"]
[Round "-"]
[White "Capixabba789"]
[Black "ku4a"]
[Result "0-1"]
[WhiteElo "1899"]
[BlackElo "1734"]

1. e4 e5 2. f4 Nc6 3. Nf3 d6 4. Bc4 h6 5. O-O Bg4 6. c3 exf4 7. d4 Qe7 8. Bxf4
O-O-O 9. Nbd2 g5 10. Bg3 Nf6 11. Bd3 Bg7 12. b4 a6 13. a4 a5 14. bxa5 Nxa5 15.
Qc2 Nh5 16. Bf2 Bxf3 17. Nxf3 g4 18. Nd2 Bf6 19. d5 Rhg8 20. Rab1 g3 21. hxg3
Nxg3 22. Bxg3 Rxg3 23. Nc4 Nxc4 24. Bxc4 Rdg8 25. Rf2 Bxc3 26. Qb3 b6 0-1

[Event "KU4A 3W"]
[Site "http://www.queenalice.com/game.php?id=1816417"]
[Date "2023.7.15"]
[Round "-"]
[White "ku4a"]
[Black "ulisses34"]
[Result "1-0"]
[WhiteElo "1702"]
[BlackElo "1679"]

1. e4 e5 2. Nf3 d6 3. h3 Nd7 4. Bc4 Nc5 5. d3 Be6 6. O-O Bxc4 7. dxc4 Nxe4 8.
Nc3 Nxc3 9. bxc3 c6 10. Ba3 Qa5 11. Bb4 Qa4 12. Qc1 c5 13. Ba3 Qxc4 14. Bb2 Be7
15. Re1 Nf6 16. Qe3 Nd5 17. Qd2 Nf4 18. Kh2 Qe6 19. Bc1 Qg6 20. g3 Ne6 21. c4
O-O 22. Qd1 Bf6 23. Rb1 b6 24. Ng1 Nd4 25. Rb2 Rfe8 26. c3 Nf5 27. Ne2 Bd8 28.
Qd5 Be7 29. Rg1 Bf8 30. g4 Ne7 31. Qg2 Qd3 32. Rd2 Qxc4 33. Kh1 Ng6 34. a3 Re6
35. Qxa8 1-0

[Event "KU4A 4W"]
[Site "http://www.queenalice.com/game.php?id=1816469"]
[Date "2023.7.17"]
[Round "-"]
[White "ku4a"]
[Black "Capixabba789"]
[Result "0-1"]
[WhiteElo "1760"]
[BlackElo "1824"]

1. e4 e5 2. Nf3 d6 3. h3 Nc6 4. Bc4 Be7 5. d3 Nf6 6. Nc3 Be6 7. a3 Nd4 8. O-O c5
9. Be3 Bxc4 10. dxc4 a6 11. Re1 O-O 12. b4 cxb4 13. axb4 Ne6 14. Nd5 Nxd5 15.
cxd5 Ng5 16. c4 Nxe4 17. Qc2 f5 18. Rf1 g6 19. Rad1 Nf6 20. Bh6 Re8 21. Ng5 Qd7
22. Rde1 e4 23. f3 exf3 24. gxf3 Nh5 25. f4 Bxg5 26. fxg5 Rxe1 27. Rxe1 Re8 28.
Rxe8+ Qxe8 29. Kf2 Qe5 30. Kf1 Qf4+ 31. Ke1 Qe4+ 32. Kd2 Qg2+ 33. Kd1 Qxh3 34.
Qb2 Qf1+ 0-1

[Event "KU4A 4B"]
[Site "http://www.queenalice.com/game.php?id=1816470"]
[Date "2023.7.17"]
[Round "-"]
[White "Capixabba789"]
[Black "ku4a"]
[Result "1-0"]
[WhiteElo "1800"]
[BlackElo "1805"]

1. e4 e5 2. f4 Nc6 3. Nf3 d6 4. Bc4 h6 5. O-O exf4 6. d4 Nf6 7. Bxf4 Nxe4 8.
Nbd2 Nxd2 9. Qxd2 d5 10. Bb5 a6 11. Ba4 Bd6 12. Rfe1+ Be7 13. Re2 O-O 14. Bxc6
bxc6 15. Rae1 Re8 16. Ne5 Bd7 17. Qd3 Kf8 18. Qh7 Bb4 19. Qh8+ Ke7 20. Nxc6+ Kf6
21. Be5+ 1-0

[Event "KU4A 5W"]
[Site "http://www.queenalice.com/game.php?id=1816876"]
[Date "2023.7.22"]
[Round "-"]
[White "ku4a"]
[Black "Capixabba789"]
[Result "1-0"]
[WhiteElo "1704"]
[BlackElo "1774"]

1. e4 e5 2. Nf3 d6 3. Nc3 Bg4 4. Bc4 Nf6 5. d3 Be7 6. O-O O-O 7. h3 Bh5 8. b3 c6
9. b4 b5 10. Bb3 Nbd7 11. Bg5 Nc5 12. bxc5 dxc5 13. a4 b4 14. Ne2 Bxf3 15. gxf3
Qd7 16. Bxf6 Bxf6 17. Kg2 Bh4 18. Ng3 a5 19. Qd2 Kh8 20. f4 exf4 21. Qxf4 Bf6
22. e5 Be7 23. Rae1 Qd8 24. Kh2 Bg5 25. Qg4 Bd2 26. Re2 Bc3 27. e6 fxe6 28. Qxe6
Rc8 29. Qc4 Bd4 30. Qe6 h6 31. Qg6 Rf6 32. Qh5 Qf8 33. Nh1 Qd6+ 34. Ng3 Rcf8 35.
Kg2 Qf4 36. Ne4 Rf5 37. Qg6 Bf6 38. Nxf6 R5xf6 39. Qg4 Qd6 40. Re6 Qd8 41. Rxf6
Rxf6 42. f3 Qe8 43. Qe4 Qf8 44. h4 Rf4 45. Qe6 1-0

[Event "KU4A 5B"]
[Site "http://www.queenalice.com/game.php?id=1816877"]
[Date "2023.7.22"]
[Round "-"]
[White "Capixabba789"]
[Black "ku4a"]
[Result "1-0"]
[WhiteElo "1859"]
[BlackElo "1726"]

1. e4 e5 2. f4 Nc6 3. Nf3 d6 4. Bc4 h6 5. O-O Nf6 6. fxe5 dxe5 7. d3 Bc5+ 8. Kh1
O-O 9. Nc3 a6 10. a4 Bg4 11. Qe1 Nd4 12. Nxd4 Bxd4 13. Nd5 c6 14. Nxf6+ gxf6 15.
Qg3 h5 16. h3 Qd7 17. Rxf6 b5 18. Bb3 Kh8 19. hxg4 Kg7 20. Rf5 f6 21. gxh5+ Kh8
22. Bh6 1-0

[Event "KU4A 6W"]
[Site "http://www.queenalice.com/game.php?id=1818127"]
[Date "2023.8.5"]
[Round "-"]
[White "ku4a"]
[Black "Capixabba789"]
[Result "0-1"]
[WhiteElo "1733"]
[BlackElo "1759"]

1. e4 e5 2. Nf3 d6 3. h3 Nf6 4. Nc3 Be7 5. Bc4 c5 6. d3 Nc6 7. Ng5 O-O 8. Nf3
Nd4 9. O-O a6 10. Bg5 b5 11. Bd5 Nxd5 12. Bxe7 Nxe7 0-1

[Event "Capixabba789"]
[Site "http://www.queenalice.com/game.php?id=1818475"]
[Date "2023.8.10"]
[Round "1"]
[White "SamuraiJOM"]
[Black "ku4a"]
[Result "0-1"]
[WhiteElo "1764"]
[BlackElo "1738"]

1. e4 e5 2. Nf3 Nc6 3. Bc4 h6 4. a3 Nf6 5. c3 Nxe4 6. O-O Bc5 7. d3 Nf6 8. Nbd2
O-O 9. Ne4 d6 10. Nxc5 dxc5 11. Be3 b6 12. b4 cxb4 13. axb4 Bf5 14. Nh4 Bh7 15.
Bb5 Qd6 16. Qf3 Nd5 17. Nf5 Bxf5 18. Qxf5 Nxc3 19. Qg4 Nxb5 20. Rab1 a5 21. f4
Qxd3 22. Bf2 Nxb4 23. fxe5 Rae8 24. Rbd1 Qg6 25. Qc4 Rxe5 26. Bg3 Rc5 27. Qf4
Nd5 28. Qd2 Re8 29. Bf2 Ndc3 30. Rde1 Rxe1 31. Rxe1 Rd5 32. Qb2 f5 33. Be3 Re5
34. Qb3+ Kh7 35. Bf2 Qe8 36. Kf1 Rxe1+ 37. Bxe1 Qe2+ 0-1

[Event "Capixabba789"]
[Site "http://www.queenalice.com/game.php?id=1823609"]
[Date "2023.10.22"]
[Round "2"]
[White "ku4a"]
[Black "altair"]
[Result "1-0"]
[WhiteElo "1766"]
[BlackElo "1775"]

1. e4 e5 2. Nf3 d6 3. h3 a6 4. Bc4 h6 5. O-O Nf6 6. d3 a5 7. Nc3 c6 8. a4 Be7 9.
b3 O-O 10. d4 Nbd7 11. dxe5 Nxe5 12. Qe2 Nxc4 13. Qxc4 d5 14. exd5 cxd5 15. Qd4
b6 16. Bb2 Bc5 17. Qf4 d4 18. Nb5 Nd5 19. Qg3 Ba6 20. Rfe1 Bb4 21. Bxd4 f6 22.
Re4 Bxb5 23. axb5 f5 24. Qxg7# 1-0

[Event "Challenge"]
[Site "http://www.queenalice.com/game.php?id=1824840"]
[Date "2023.11.8"]
[Round "-"]
[White "Mr_SPOCK"]
[Black "ku4a"]
[Result "0-1"]
[WhiteElo "1716"]
[BlackElo "1744"]

1. e4 e5 2. Qh5 Nf6 3. Qxe5+ Be7 4. d4 d5 5. Nc3 c6 6. Bg5 O-O 7. Qf4 dxe4 8.
Nxe4 Nxe4 9. Bh6 Bg5 10. Bxg5 Nxg5 11. O-O-O Ne6 12. Qe4 g6 13. Nf3 Qa5 14. Bc4
Ng7 15. h4 Be6 16. d5 Bf5 17. Qf4 Na6 18. Ng5 Nb4 19. a3 Nxd5 20. g4 Nxf4 21.
gxf5 Qxf5 22. Nf3 Nh3 23. Ng5 Nxf2 24. Rhf1 Qf4+ 25. Kb1 Qxc4 26. Rxf2 Rad8 27.
Rxd8 Rxd8 28. b3 Qc3 29. Rf1 Rd2 30. Rxf7 Qxc2+ 31. Ka1 Rd1# 0-1

[Event "Challenge"]
[Site "http://www.queenalice.com/game.php?id=1825132"]
[Date "2023.11.14"]
[Round "-"]
[White "SamuraiJOM"]
[Black "ku4a"]
[Result "1-0"]
[WhiteElo "1765"]
[BlackElo "1792"]

1. e4 e5 2. Nf3 Nc6 3. Bc4 h6 4. O-O Nf6 5. c3 Nxe4 6. d3 Nf6 7. Re1 d6 8. a4 b6
9. Bb5 Bb7 10. d4 Ke7 11. Bf4 e4 12. d5 Nb8 13. Nd4 Nxd5 14. Rxe4+ 1-0

[Event "Challenge"]
[Site "http://www.queenalice.com/game.php?id=1825133"]
[Date "2023.11.14"]
[Round "-"]
[White "ku4a"]
[Black "SamuraiJOM"]
[Result "0-1"]
[WhiteElo "1767"]
[BlackElo "1762"]

1. e4 e5 2. Nf3 Nc6 3. Nc3 Nf6 4. a3 h6 5. Bc4 Bc5 6. h3 O-O 7. O-O Nd4 8. Nxe5
Nc6 9. Nf3 a6 10. Ba2 d6 11. d3 Nd4 12. b4 Ba7 13. Bb2 Be6 14. Bxe6 Nxe6 15. Qd2
Bd4 16. Nxd4 Nxd4 17. Ne2 Nxe2+ 18. Qxe2 Re8 19. Qf3 Re6 20. Rfe1 c6 21. e5 Nd7
22. exd6 Rxd6 23. Qg3 Nf6 24. Rad1 Kh8 25. Re7 Qxe7 0-1

[Event "Capixabba789"]
[Site "http://www.queenalice.com/game.php?id=1827571"]
[Date "2023.12.18"]
[Round "3"]
[White "cucalegal2"]
[Black "ku4a"]
[Result "0-1"]
[WhiteElo "1496"]
[BlackElo "1718"]

1. Nf3 Nc6 2. a3 Nf6 3. c3 h6 4. b4 a6 5. e3 e5 6. e4 Nxe4 7. g3 d6 8. h3 Be7 9.
Qa4 Bd7 10. Qb3 Be6 11. Qc2 Nf6 12. d3 b5 13. g4 g5 14. Bg2 Qd7 15. Be3 O-O-O
16. a4 bxa4 17. Rxa4 Nb8 18. O-O Bd5 19. c4 Qc6 20. Na3 Bxf3 21. Bxf3 Qxf3 22.
Qd1 Qb7 23. f3 d5 24. c5 e4 25. d4 exf3 26. Qxf3 c6 27. Nc2 Qb5 28. Ra2 Rdf8 29.
Qf5+ Nbd7 30. Rd1 Ne4 31. Ra5 Qe2 32. Rd2 Nxd2 33. Bxd2 Qxd2 34. Rxa6 Rd8 35.
Rxc6+ Kb7 36. b5 Qa5 37. Qxd5 Kb8 0-1

[Event "Challenge"]
[Site "http://www.queenalice.com/game.php?id=1839781"]
[Date "2024.7.5"]
[Round "-"]
[White "Mr_SPOCK"]
[Black "ku4a"]
[Result "1-0"]
[WhiteElo "1599"]
[BlackElo "1744"]

1. e4 e5 2. Bc4 Nf6 3. d4 Nxe4 4. Nf3 exd4 5. Qxd4 Nf6 6. O-O h6 7. Re1+ Be7 8.
Ne5 O-O 9. Ng6 Nc6 10. Qh4 Re8 11. Bxh6 d5 12. Bd3 Ng4 13. Bg5 fxg6 14. Bxg6
Bxg5 15. Qh7+ 1-0

[Event "Challenge"]
[Site "http://www.queenalice.com/game.php?id=1840775"]
[Date "2024.7.24"]
[Round "-"]
[White "ku4a"]
[Black "Mr_SPOCK"]
[Result "1-0"]
[WhiteElo "1763"]
[BlackElo "1634"]

1. e4 e5 2. Nf3 Nc6 3. Bc4 Nf6 4. d3 Bc5 5. O-O d6 6. h3 Nh5 7. Kh2 Qf6 8. Nc3
Be6 9. Nb5 O-O 10. Bxe6 fxe6 11. b3 Bb6 12. g4 Nf4 13. Kg3 Ng6 14. g5 Qe7 15. h4
h6 16. gxh6 Nf4 17. Rg1 a6 18. Nc3 Kh7 19. Ne2 Nh5+ 20. Kg4 Nf6+ 21. Kg3 Rg8 22.
hxg7 Rxg7+ 23. Ng5+ Kh6 24. Be3 Rag8 25. Kh2 Rxg5 26. hxg5+ Kh7 27. gxf6 Qxf6
28. Rxg8 Qh4+ 29. Kg2 Kxg8 30. Ng3 Ne7 31. Bxb6 cxb6 32. Qh5 Qf4 33. Rh1 Kf8 34.
Qf3 Qxf3+ 35. Kxf3 Ke8 36. Rh6 Kd7 37. Rh7 d5 38. exd5 exd5 39. Nf5 Ke6 40. Nxe7
e4+ 41. dxe4 d4 42. Nc8 b5 43. Rxb7 d3 44. cxd3 Ke5 45. Ke3 b4 46. f4+ Kf6 47.
d4 a5 48. d5 Kg6 49. d6 a4 50. bxa4 b3 51. axb3 Kf6 52. a5 Ke6 53. a6 Kf6 54. a7
Kg6 55. a8=Q Kf6 56. Rb5 Ke6 57. d7 Kxd7 58. Rb6 Kd8 59. Rb7 Ke8 60. Nb6# 1-0

[Event "Challenge"]
[Site "http://www.queenalice.com/game.php?id=1841666"]
[Date "2024.8.10"]
[Round "-"]
[White "leoreis"]
[Black "ku4a"]
[Result "0-1"]
[WhiteElo "1703"]
[BlackElo "1748"]

1. d4 d5 2. Nf3 Nc6 3. Bf4 Bf5 4. Nc3 Nb4 5. Rc1 a6 6. a3 Nc6 7. e3 Nf6 8. Bd3
e6 9. Bxf5 exf5 10. O-O Bd6 11. Bxd6 Qxd6 12. h3 O-O-O 13. Qd3 g6 14. Ng5 Qe7
15. Na4 h6 16. Nf3 Ne4 17. Nd2 Nxd2 18. Rfd1 Ne4 19. Nc3 Nxc3 20. Qxc3 h5 21.
Re1 Qd6 22. b4 Na7 23. f4 Rde8 24. Qb3 c6 25. c4 Kb8 26. cxd5 Qxd5 27. Qxd5 cxd5
28. Rc5 Rd8 29. Rec1 Rhe8 30. Kf2 Rc8 31. Rxc8+ Rxc8 32. Rxc8+ Nxc8 33. Ke2 b5
34. h4 Nd6 0-1